000
00263nam a2200109 a 4500
005
20140513081050.0
008
020606s19uu xx 00 eng d
050
_a
P 372.7
_b
HOW
245
_a
How many frogs are left.
650
_a
Counting--Poster
999
_c
116285
_d
116285